LEADER 01143nam0 2200301 450 001 000014563 005 20090316150701.0 100 $a20080721d1982----km-y0itay50------ba 101 1 $aita$cger 102 $aIT 105 $ay-------001yy 200 1 $a<>essenza e i principi dell'economia teorica$fJoseph A. Schumpeter$ga cura di Giuseppe Calzoni 210 $aRoma$aBari$cLaterza$dstampa 1982 215 $aXX, 507 p.$d22 cm 225 2 $aBiblioteca di cultura moderna$v873 300 $aTraduzione di Giuseppe Calzoni 410 0$12001$aBiblioteca di cultura moderna 500 10$aWesen und der Hauptinhalt der theoretischen Nationalokonomie$m$931816 610 1 $aEconomia$aTeorie 676 $a330.1$v18$9Sistemi e teorie economiche 676 $a330.01$v19$9Scienze economiche. Filosofia e teoria 700 1$aSchumpeter,$bJoseph Alois$f<1883-1950>$050457 702 1$aCalzoni,$bGiuseppe$4070 801 0$aIT$bUNIPARTHENOPE$c20080721$gRICA$2UNIMARC 912 $a000014563 951 $a030/13$b5781$cNAVA2 996 $aWesen und der Hauptinhalt der theoretischen Nationalökonomie$931816 997 $aUNIPARTHENOPE LEADER 01428nam 2200493 450 001 9910163251003321 005 20230807214732.0 010 $a1-312-87130-X 035 $a(CKB)3790000000020931 035 $a(EBL)2044482 035 $a(OCoLC)908671729 035 $a(SSID)ssj0001535594 035 $a(PQKBManifestationID)11894420 035 $a(PQKBTitleCode)TC0001535594 035 $a(PQKBWorkID)11500991 035 $a(PQKB)11391085 035 $a(MiAaPQ)EBC2044482 035 $a(EXLCZ)993790000000020931 100 $a20150523h20152015 uy 0 101 0 $aeng 135 $aur|n|---||||| 181 $ctxt 182 $cc 183 $acr 200 10$aAreopagitica /$fJohn Milton 210 1$a[New York, New York] :$cSheba Blake Publishing,$d2015. 210 4$d©2015 215 $a1 online resource (137 p.) 300 $aDescription based upon print version of record. 327 $a""AREOPAGITICA""; ""AREOPAGITICA"" 330 $a Will update 606 $aFreedom of the press$vEarly works to 1800 606 $aFreedom of the press$zGreat Britain$vEarly works to 1800 615 0$aFreedom of the press 615 0$aFreedom of the press 676 $a323.445 700 $aMilton$b John$f1956-$01176686 801 0$bMiAaPQ 801 1$bMiAaPQ 801 2$bMiAaPQ 906 $aBOOK 912 $a9910163251003321 996 $aAreopagitica$92895411 997 $aUNINA LEADER 01362nam 2200409 450 001 9910792957403321 005 20230809224207.0 010 $a1-4438-9273-4 035 $a(CKB)3710000001365127 035 $a(MiAaPQ)EBC4858007 035 $a(OCoLC)987252919 035 $a(FINmELB)ELB150350 035 $a(EXLCZ)993710000001365127 100 $a20170605h20172017 uy 0 101 0 $aeng 135 $aurcnu|||||||| 181 $2rdacontent 182 $2rdamedia 183 $2rdacarrier 200 00$aNew approaches to human dignity in the context of Qur'anic anthropology $ethe quest for humanity /$fedited by Ru?diger Braun and Hu?seyin I. Cicek 210 1$aNewcastle upon Tyne, England :$cCambridge Scholars Publishing,$d2017. 210 4$d©2017 215 $a1 online resource (279 pages) 311 $a1-4438-9861-9 320 $aIncludes bibliographical references at the end of each chapters. 606 $aDignity$xReligious aspects$xIslam$vCongresses 615 0$aDignity$xReligious aspects$xIslam 676 $a297.122601 702 $aBraun$b Ru?diger 702 $aCicek$b Hu?seyin I. 801 0$bMiAaPQ 801 1$bMiAaPQ 801 2$bMiAaPQ 906 $aBOOK 912 $a9910792957403321 996 $aNew approaches to human dignity in the context of Qur'anic anthropology$93751629 997 $aUNINA